[Event "Quebec-ch qual"]
[Site "Gatineau CAN"]
[Date "2008.04.08"]
[Round "5"]
[White "Maisonneuve, Paul"]
[Black "Berthiaume, Patrick"]
[Result "1-0"]
[WhiteElo "1443"]
[BlackElo "1214"]
[PlyCount "83"]
[GameId "2160767910413295"]
[EventDate "2008.03.11"]
[EventType "swiss"]
[EventRounds "5"]
[EventCountry "CAN"]
[SourceTitle "EXT 2011"]
[Source "ChessBase"]
[SourceDate "2011.11.26"]
[SourceVersion "1"]
[SourceVersionDate "2011.11.26"]
[SourceQuality "1"]

1. d4 g6 2. Bf4 Bg7 3. e3 d6 4. Nf3 Nd7 5. Be2 c5 6. c3 cxd4 7. exd4 Ngf6 8. Nbd2 O-O 9. O-O Nh5 10. Be3 e5 11. dxe5 dxe5 12. Ng5 Nhf6 13. h4 h6 14. Nge4 Nxe4 15. Nxe4 Kh7 16. h5 g5 17. Qc2 f5 18. Nd6 Qf6 19. Rad1 Rd8 20. Qxf5+ Qxf5 21. Nxf5 Bf6 22. Rd6 a5 23. Rfd1 a4 24. Bb5 Nb8 25. Ng3 Rxd6 26. Rxd6 Ra5 27. Bd3+ Kg7 28. Nf5+ Bxf5 29. Bxf5 Nc6 30. Rd7+ Be7 31. Rxb7 Kf6 32. Be4 Nd8 33. Rb6+ Kg7 34. Rg6+ Kf7 35. Rxh6 Rb5 36. Rb6 Ra5 37. c4 g4 38. Bd5+ Kf8 39. Rg6 Nf7 40. h6 Nxh6 41. Bxh6+ Ke8 42. Rxg4 1-0

[Event "Quebec-ch qual"]
[Site "Gatineau CAN"]
[Date "2008.04.08"]
[Round "5"]
[White "Rainey, Ivan"]
[Black "Menard, Marc"]
[Result "1-0"]
[WhiteElo "1299"]
[BlackElo "1635"]
[PlyCount "95"]
[GameId "2160767910413296"]
[EventDate "2008.03.11"]
[EventType "swiss"]
[EventRounds "5"]
[EventCountry "CAN"]
[SourceTitle "EXT 2011"]
[Source "ChessBase"]
[SourceDate "2011.11.26"]
[SourceVersion "1"]
[SourceVersionDate "2011.11.26"]
[SourceQuality "1"]

1. e4 d5 2. exd5 Nf6 3. c4 c6 4. dxc6 Nxc6 5. b3 e5 6. Bb2 Bb4 7. a3 Bc5 8. Nc3 Qd4 9. Qe2 Ne4 10. Nd1 Qxd2+ 11. Qxd2 Nxd2 12. Kxd2 O-O 13. b4 Rd8+ 14. Ke1 Nd4 15. bxc5 Nc2+ 16. Ke2 Nxa1 17. Bxa1 Bg4+ 18. f3 Bf5 19. Ne3 Bd3+ 20. Kf2 e4 21. Bxd3 Rxd3 22. fxe4 Rd2+ 23. Ne2 Ra2 24. Be5 Re8 25. Ra1 Rd2 26. Rd1 Rxd1 27. Nxd1 Rxe5 28. Ke3 Rxc5 29. Nb2 Kf8 30. Nd4 g6 31. g4 h5 32. h3 Ke7 33. Nb3 Rg5 34. Kf4 f6 35. Nd3 hxg4 36. hxg4 b6 37. a4 Kd7 38. e5 Ke7 39. Nd4 a6 40. Nf3 fxe5+ 41. Kxg5 e4 42. Kxg6 exf3 43. Kf5 Kf7 44. Kf4 Kf6 45. Kxf3 Kg5 46. c5 b5 47. axb5 axb5 48. c6 1-0

[Event "Quebec-ch qual"]
[Site "Gatineau CAN"]
[Date "2008.04.08"]
[Round "5"]
[White "Scantland, Patrick"]
[Black "Danilov, Alex"]
[Result "0-1"]
[WhiteElo "1711"]
[BlackElo "1922"]
[PlyCount "48"]
[GameId "2160767910413297"]
[EventDate "2008.03.11"]
[EventType "swiss"]
[EventRounds "5"]
[EventCountry "CAN"]
[SourceTitle "EXT 2011"]
[Source "ChessBase"]
[SourceDate "2011.11.26"]
[SourceVersion "1"]
[SourceVersionDate "2011.11.26"]
[SourceQuality "1"]

1. d4 Nf6 2. c4 e6 3. Nc3 Bb4 4. Qc2 O-O 5. a3 Bxc3+ 6. Qxc3 c5 7. Nf3 Ne4 8. Qc2 d5 9. Bf4 b6 10. e3 Bb7 11. Bd3 Nd7 12. O-O cxd4 13. cxd5 Rc8 14. Qb1 exd5 15. Bxe4 dxe4 16. Nxd4 Nc5 17. Rd1 Nd3 18. Bg3 Qd5 19. b4 Rc3 20. Qa2 Qh5 21. Ne2 Bd5 22. Qd2 Rb3 23. Nf4 Qf5 24. Ra2 Nxf4 0-1

[Event "Quebec-ch qual"]
[Site "Gatineau CAN"]
[Date "2008.04.08"]
[Round "5"]
[White "Sunatori, Evelyne"]
[Black "Reitano, Michael"]
[Result "1-0"]
[WhiteElo "1185"]
[BlackElo "967"]
[PlyCount "39"]
[GameId "2160767910413298"]
[EventDate "2008.03.11"]
[EventType "swiss"]
[EventRounds "5"]
[EventCountry "CAN"]
[SourceTitle "EXT 2011"]
[Source "ChessBase"]
[SourceDate "2011.11.26"]
[SourceVersion "1"]
[SourceVersionDate "2011.11.26"]
[SourceQuality "1"]

1. e4 e5 2. Nf3 Nf6 3. Nc3 d6 4. b3 Nc6 5. Bc4 Qe7 6. Ng5 Nd8 7. d3 g6 8. O-O Bg7 9. Nd5 Qd7 10. d4 h6 11. dxe5 dxe5 12. Nf3 Nxe4 13. Re1 Nd6 14. Qe2 O-O 15. Nxe5 Qe8 16. Nxc7 Qe7 17. Nxa8 Bxe5 18. Qxe5 Qd7 19. Bxh6 Nxc4 20. Qg7# 1-0

[Event "Quebec-ch qual"]
[Site "Gatineau CAN"]
[Date "2008.04.08"]
[Round "5"]
[White "Szalay, Karoly"]
[Black "Guimond, Michel"]
[Result "1-0"]
[WhiteElo "2098"]
[BlackElo "1874"]
[PlyCount "95"]
[GameId "2160767910413299"]
[EventDate "2008.03.11"]
[EventType "swiss"]
[EventRounds "5"]
[EventCountry "CAN"]
[SourceTitle "EXT 2011"]
[Source "ChessBase"]
[SourceDate "2011.11.26"]
[SourceVersion "1"]
[SourceVersionDate "2011.11.26"]
[SourceQuality "1"]

1. e4 g6 2. d4 Bg7 3. c4 d6 4. Nc3 Nd7 5. Be3 Nh6 6. f3 f6 7. Qd2 Nf7 8. g4 c6 9. Nge2 e5 10. d5 c5 11. Ng3 a6 12. Bd3 Qa5 13. Ke2 Rb8 14. a3 Qc7 15. b3 Nf8 16. h4 h6 17. Rh2 Bd7 18. Rhh1 b5 19. cxb5 axb5 20. a4 c4 21. bxc4 bxc4 22. Bc2 Nh7 23. h5 g5 24. Nf5 Bxf5 25. gxf5 O-O 26. a5 Ra8 27. Bb6 Qb7 28. Ba4 Rfc8 29. Bc6 Rxc6 30. dxc6 Qxc6 31. Qd5 Qc8 32. Rhc1 Bf8 33. Nb5 g4 34. Rxc4 gxf3+ 35. Ke3 Qa6 36. Nc7 Qxb6+ 37. axb6 Rxa1 38. b7 Ra3+ 39. Qd3 f2 40. Rc1 Rxd3+ 41. Kxd3 d5 42. exd5 e4+ 43. Ke2 Ne5 44. b8=Q Nd3 45. Rf1 Ng5 46. Ne6 Nxe6 47. dxe6 Kg7 48. Qb7+ 1-0

[Event "Quebec-ch qual"]
[Site "Gatineau CAN"]
[Date "2008.04.08"]
[Round "5"]
[White "Thibault, David"]
[Black "Dupont, Claude"]
[Result "1-0"]
[WhiteElo "1224"]
[BlackElo "1494"]
[PlyCount "47"]
[GameId "2160767910413300"]
[EventDate "2008.03.11"]
[EventType "swiss"]
[EventRounds "5"]
[EventCountry "CAN"]
[SourceTitle "EXT 2011"]
[Source "ChessBase"]
[SourceDate "2011.11.26"]
[SourceVersion "1"]
[SourceVersionDate "2011.11.26"]
[SourceQuality "1"]

1. e4 c5 2. Nf3 d6 3. Bc4 e6 4. Bb3 Nc6 5. d3 Be7 6. Be3 Nf6 7. Nbd2 b5 8. c3 Na5 9. Bc2 Bb7 10. Qe2 e5 11. O-O a6 12. Nb3 Nc6 13. Nfd2 d5 14. Nxc5 Bxc5 15. Bxc5 dxe4 16. Nxe4 Nxe4 17. Qxe4 Qc7 18. Qe3 Ne7 19. d4 exd4 20. Bxd4 O-O 21. Rfe1 Rfe8 22. Qg5 Ng6 23. Bb3 h6 24. Qxg6 1-0

[Event "Quebec-ch qual"]
[Site "Montreal CAN"]
[Date "2008.10.11"]
[Round "3"]
[White "Lacroix, Serge"]
[Black "Morissette, Jean-Sebastien"]
[Result "0-1"]
[WhiteElo "1818"]
[BlackElo "2011"]
[PlyCount "83"]
[GameId "2160767910311286"]
[EventDate "2008.10.10"]
[EventType "swiss"]
[EventRounds "5"]
[EventCountry "CAN"]
[SourceTitle "EXT 2011"]
[Source "ChessBase"]
[SourceDate "2011.11.26"]
[SourceVersion "1"]
[SourceVersionDate "2011.11.26"]
[SourceQuality "1"]

1. d4 d5 2. c4 e6 3. Nf3 Nf6 4. e3 Bd6 5. Nc3 Nbd7 6. a3 O-O 7. c5 Be7 8. b4 c6 9. Bd3 Qc7 10. Bb2 e5 11. dxe5 Nxe5 12. Qc2 Nxd3+ 13. Qxd3 Bg4 14. Ne2 Ne4 15. Ng3 Bf6 16. Bxf6 Nxf6 17. Nd4 Rfe8 18. h3 Bd7 19. O-O g6 20. Rfc1 h5 21. Nf3 Ne4 22. Ne2 Bf5 23. Qb3 g5 24. Nfd4 Bg6 25. Ra2 g4 26. Nf4 gxh3 27. Nxh3 Qd7 28. Qd1 Re5 29. Nf3 Re6 30. Nd4 Rf6 31. Nf4 h4 32. a4 Kg7 33. Qf3 Ng5 34. Nh5+ Bxh5 35. Qxh5 Rg6 36. Qd1 h3 37. g3 h2+ 38. Kh1 Rh8 39. Rcc2 Ne4 40. Qf3 Qh3 41. Qg2 Qxg2+ 42. Kxg2 0-1

[Event "Quebec-ch qual. (Quebec)"]
[Site "Quebec CAN"]
[Date "2008.04.26"]
[Round "3"]
[White "Filiatrault, Alexandre"]
[Black "Sauve, Richard"]
[Result "0-1"]
[WhiteElo "1789"]
[BlackElo "1975"]
[PlyCount "80"]
[GameId "2160767910351041"]
[EventDate "2008.04.24"]
[EventType "swiss"]
[EventRounds "5"]
[EventCountry "CAN"]

1. e4 e6 2. d4 d5 3. Nc3 Nf6 4. Bg5 Bb4 5. e5 h6 6. Bd2 Bxc3 7. Bxc3 Ne4 8. Nf3 c5 9. Bd3 Nxc3 10. bxc3 Qa5 11. Qd2 Nc6 12. dxc5 Qxc5 13. O-O O-O 14. Rfe1 Bd7 15. Re3 Rac8 16. Rae1 Rc7 17. Nd4 Nxd4 18. cxd4 Qe7 19. Rg3 Kh8 20. Ree3 f6 21. Rxg7 Qxg7 22. Rg3 f5 23. Rxg7 Kxg7 24. Qf4 Ba4 25. g4 Bxc2 26. Be2 fxg4 27. Qxg4+ Kh7 28. Qxe6 Bf5 29. Qxd5 Rg8+ 30. Kf1 Rc1+ 31. Bd1 Bd3+ 32. Ke1 Rg1+ 33. Kd2 Rcxd1+ 34. Kc3 Rg7 35. Qd8 Bf5 36. Qd6 Rd7 37. Qf6 Rc7+ 38. Kb3 Rb1+ 39. Ka4 Bc2+ 40. Ka5 b6+ 0-1

[Event "Quebec-ch qual. (Quebec)"]
[Site "Quebec CAN"]
[Date "2008.04.26"]
[Round "3"]
[White "Lapierre, Gaetan"]
[Black "Hebert, Marc"]
[Result "0-1"]
[WhiteElo "1882"]
[BlackElo "1712"]
[PlyCount "80"]
[GameId "2160767910351042"]
[EventDate "2008.04.24"]
[EventType "swiss"]
[EventRounds "5"]
[EventCountry "CAN"]

1. e4 e6 2. d4 d5 3. e5 c5 4. c3 Qb6 5. a3 Bd7 6. b4 cxd4 7. cxd4 a5 8. bxa5 Qxa5+ 9. Bd2 Qb6 10. Nf3 Nc6 11. Bc3 Nh6 12. Bd3 Be7 13. h4 Ng4 14. O-O O-O 15. Ng5 f5 16. exf6 Nxf6 17. Re1 Nd8 18. Qc2 h6 19. Nf3 Nf7 20. Bg6 Nh8 21. Ne5 Be8 22. Bxe8 Raxe8 23. Ng6 Nxg6 24. Qxg6 Ne4 25. Rxe4 dxe4 26. Nd2 Bf6 27. Nxe4 Rd8 28. Ng5 hxg5 29. hxg5 Bxd4 30. Qh5 Rf5 31. Bxd4 Qxd4 32. Rf1 Qf4 33. Qe2 Qe5 34. Qc2 Rxg5 35. Rd1 Rxd1+ 36. Qxd1 Qd5 37. Qf1 b5 38. f3 Qd4+ 39. Kh2 Qh4+ 40. Kg1 Re5 0-1

[Event "Quebec-ch qual. 1"]
[Site "Montreal CAN"]
[Date "2008.04.25"]
[Round "1"]
[White "Le Duin, Thierry"]
[Black "Lescarbeau, Martin"]
[Result "1-0"]
[WhiteElo "1975"]
[BlackElo "1591"]
[PlyCount "79"]
[GameId "2160767910350997"]
[EventDate "2008.04.25"]
[EventType "swiss"]
[EventRounds "5"]
[EventCountry "CAN"]
[SourceTitle "EXT 2011"]
[Source "ChessBase"]
[SourceDate "2011.11.26"]
[SourceVersion "1"]
[SourceVersionDate "2011.11.26"]
[SourceQuality "1"]

1. d4 Nf6 2. Nf3 e6 3. Bg5 c5 4. e3 Qb6 5. Qc1 Ne4 6. Bf4 cxd4 7. exd4 Nc6 8. c3 d6 9. Bd3 f5 10. O-O Be7 11. Re1 d5 12. Ne5 Nxe5 13. Bxe5 O-O 14. f3 Bf6 15. Bxf6 Nxf6 16. Nd2 Bd7 17. Nb3 Rae8 18. Kh1 Qc7 19. Re5 b6 20. Qd2 h6 21. Rae1 Kf7 22. Qf4 g5 23. Qg3 Nh5 24. Qf2 Nf4 25. Bb1 Ng6 26. R5e3 Kf6 27. Nc1 e5 28. Qd2 e4 29. fxe4 fxe4 30. b3 b5 31. Qc2 Kg7 32. Ne2 Re6 33. Ng3 Ref6 34. Nh5+ Kh7 35. Nxf6+ Rxf6 36. c4 Qf4 37. Kg1 Nh4 38. cxd5 Bf5 39. Qe2 Bg4 40. Rxe4 1-0

[Event "Quebec-ch qual. 1"]
[Site "Montreal CAN"]
[Date "2008.04.25"]
[Round "1"]
[White "Maharisoa, Tantely"]
[Black "Jiang, Louie"]
[Result "1/2-1/2"]
[WhiteElo "1620"]
[BlackElo "2133"]
[PlyCount "100"]
[GameId "2160767910350998"]
[EventDate "2008.04.25"]
[EventType "swiss"]
[EventRounds "5"]
[EventCountry "CAN"]
[SourceTitle "EXT 2011"]
[Source "ChessBase"]
[SourceDate "2011.11.26"]
[SourceVersion "1"]
[SourceVersionDate "2011.11.26"]
[SourceQuality "1"]

1. d4 d5 2. c4 e6 3. Nf3 Nf6 4. e3 c6 5. Bd3 Nbd7 6. Nc3 dxc4 7. Bxc4 b5 8. Bd3 a6 9. b3 Bb7 10. Bb2 Rc8 11. Qe2 Bd6 12. Rd1 Qc7 13. e4 e5 14. d5 cxd5 15. Nxd5 Nxd5 16. exd5 Bxd5 17. O-O Bxf3 18. Qxf3 Nc5 19. Rc1 Qb8 20. Bf5 Rd8 21. Rxc5 Bxc5 22. Qc6+ Kf8 23. Qxc5+ Qd6 24. Qxd6+ Rxd6 25. Ba3 Ke7 26. Bxd6+ Kxd6 27. b4 g6 28. Rd1+ Ke7 29. Be4 Rc8 30. g4 Rc4 31. f3 Rxb4 32. Rd2 a5 33. Kf2 a4 34. Ke2 f6 35. Kd1 Ke6 36. Kc2 f5 37. Bd5+ Kf6 38. Kc3 Rf4 39. h3 b4+ 40. Kc2 b3+ 41. axb3 axb3+ 42. Kxb3 e4 43. fxe4 fxe4 44. Re2 Rf3+ 45. Kc4 Rxh3 46. Rxe4 h5 47. Be6 hxg4 48. Bxg4 Rh4 49. Kd4 Kg5 50. Bf3 Rf4 1/2-1/2

[Event "Quebec-ch qual. 1"]
[Site "Montreal CAN"]
[Date "2008.04.25"]
[Round "1"]
[White "Moore, Ronald"]
[Black "Gauthier, Denis"]
[Result "1/2-1/2"]
[WhiteElo "1588"]
[BlackElo "1927"]
[PlyCount "79"]
[GameId "2160767910350999"]
[EventDate "2008.04.25"]
[EventType "swiss"]
[EventRounds "5"]
[EventCountry "CAN"]
[SourceTitle "FQE 01"]

1. d4 Nf6 2. Bg5 Ne4 3. Bf4 d5 4. Nd2 Bf5 5. Ngf3 e6 6. e3 Be7 7. c3 Nd7 8. Ne5 Nxd2 9. Qxd2 O-O 10. Bd3 Bxd3 11. Qxd3 Nxe5 12. Bxe5 Qd7 13. O-O c5 14. Rae1 c4 15. Qe2 f6 16. Bg3 f5 17. f3 Rae8 18. Be5 Bh4 19. g3 Bf6 20. e4 Bxe5 21. dxe5 fxe4 22. fxe4 Qc7 23. exd5 Qc5+ 24. Qe3 Rxf1+ 25. Kxf1 Qxd5 26. Qe4 Qd2 27. Qe2 Rf8+ 28. Kg1 Rd8 29. Kf1 b5 30. Qxd2 Rxd2 31. Re2 Rd5 32. Kf2 Kf7 33. h3 h5 34. Kf3 Kg6 35. Kf4 Rd3 36. Rg2 Rd1 37. Rf2 Rd3 38. Rg2 a5 39. h4 a4 40. a3 1/2-1/2

[Event "Quebec-ch qual. 1"]
[Site "Montreal CAN"]
[Date "2008.04.25"]
[Round "1"]
[White "Morin, Louis"]
[Black "Piche, Justin"]
[Result "0-1"]
[WhiteElo "1905"]
[BlackElo "1517"]
[PlyCount "78"]
[GameId "2160767910351000"]
[EventDate "2008.04.25"]
[EventType "swiss"]
[EventRounds "5"]
[EventCountry "CAN"]

1. e4 e5 2. Nf3 Nc6 3. Bc4 Bc5 4. Bxf7+ Kxf7 5. Nxe5+ Nxe5 6. Qh5+ Ng6 7. Qd5+ Ke8 8. Qxc5 d6 9. Qe3 Nf6 10. d3 Ng4 11. Qg5 Qxg5 12. Bxg5 h6 13. Bd2 Rf8 14. O-O Nf4 15. Nc3 Be6 16. Rae1 Kd7 17. b3 c5 18. Bxf4 Rxf4 19. Ne2 Rf6 20. h3 Ne5 21. f4 Nc6 22. c3 b5 23. g4 a5 24. Ng3 g6 25. e5 dxe5 26. Ne4 Rf7 27. Nxc5+ Ke7 28. Nxe6 Kxe6 29. d4 Raf8 30. Rd1 exd4 31. cxd4 Kd5 32. f5 gxf5 33. Rf4 fxg4 34. Rxg4 Rf4 35. Rg6 R8f6 36. Rg8 Rxd4 37. Rxd4+ Kxd4 38. Rg3 Rf5 39. Rg6 Rg5+ 0-1

[Event "Quebec-ch qual. 1"]
[Site "Montreal CAN"]
[Date "2008.04.26"]
[Round "2"]
[White "Bergeron, Rene"]
[Black "Morin, Louis"]
[Result "0-1"]
[WhiteElo "1566"]
[BlackElo "1905"]
[PlyCount "82"]
[GameId "2160767910351001"]
[EventDate "2008.04.25"]
[EventType "swiss"]
[EventRounds "5"]
[EventCountry "CAN"]

1. e4 e5 2. Nf3 d6 3. d4 Nf6 4. dxe5 Nxe4 5. Bc4 c6 6. Qe2 d5 7. Bd3 Nc5 8. Bg5 Be7 9. Bxe7 Qxe7 10. O-O Bg4 11. Nbd2 O-O 12. Rfe1 Nbd7 13. Qe3 Rae8 14. h3 Nxd3 15. cxd3 Bxf3 16. Nxf3 c5 17. Rac1 b6 18. d4 c4 19. b3 b5 20. a4 a6 21. Qc3 b4 22. Qe3 c3 23. Qd3 Ra8 24. Re3 Rfc8 25. Ne1 Nf8 26. Nc2 Ne6 27. Qf5 a5 28. f4 Qh4 29. Rf3 g6 30. Qg4 Qxg4 31. hxg4 g5 32. g3 gxf4 33. gxf4 h5 34. gxh5 Kh7 35. Kf2 Rg8 36. Ke3 Rg2 37. Kd3 Rd2+ 38. Ke3 Rg8 39. Ne1 Nxd4 40. f5 Rg4 41. Rf4 Rxf4 0-1

[Event "Quebec-ch qual. 1"]
[Site "Montreal CAN"]
[Date "2008.04.26"]
[Round "2"]
[White "Gauthier, Denis"]
[Black "Joanis, Marc-Andre"]
[Result "1-0"]
[WhiteElo "1927"]
[BlackElo "1660"]
[PlyCount "41"]
[GameId "2160767910351002"]
[EventDate "2008.04.25"]
[EventType "swiss"]
[EventRounds "5"]
[EventCountry "CAN"]
[SourceTitle "FQE 01"]

1. d4 Nf6 2. c4 g6 3. Nc3 d5 4. Bf4 Bg7 5. Nf3 O-O 6. e3 c5 7. dxc5 Qa5 8. Rc1 dxc4 9. Bxc4 Qxc5 10. Bb3 Qa5 11. O-O Nc6 12. h3 Rd8 13. Qe2 Bf5 14. Rfd1 Rxd1+ 15. Rxd1 Rd8 16. Rxd8+ Qxd8 17. Ng5 Qa5 18. Bxf7+ Kf8 19. Bb3 e5 20. Qc4 Nd8 21. Nxh7+ 1-0

[Event "Quebec-ch qual. 1"]
[Site "Montreal CAN"]
[Date "2008.04.26"]
[Round "2"]
[White "Lescarbeau, Martin"]
[Black "Dardoura, Khaled"]
[Result "0-1"]
[WhiteElo "1591"]
[BlackElo "1463"]
[PlyCount "140"]
[GameId "2160767910351003"]
[EventDate "2008.04.25"]
[EventType "swiss"]
[EventRounds "5"]
[EventCountry "CAN"]

1. d4 d5 2. Nf3 e6 3. e3 Nf6 4. Bd3 c5 5. c3 Nc6 6. Nbd2 Bd6 7. O-O O-O 8. dxc5 Bxc5 9. e4 dxe4 10. Nxe4 Nxe4 11. Bxe4 Be7 12. Qc2 f5 13. Rd1 Qc7 14. Bxc6 bxc6 15. g3 Bf6 16. Be3 c5 17. Qa4 Bb7 18. Rd7 Qc6 19. Qd1 Qxf3 20. Qxf3 Bxf3 21. Bxc5 Rf7 22. Rd3 Be4 23. Rd2 Rc7 24. Be3 Bd5 25. Bf4 Rcc8 26. Bd6 Rd8 27. Bc7 Rd7 28. Ba5 Bd8 29. Bb4 a5 30. Ba3 Bg5 31. f4 Bd8 32. c4 Bb6+ 33. c5 Ba7 34. Rad1 Rc8 35. Rc1 Rdc7 36. b4 axb4 37. Bxb4 Bxc5+ 38. Bxc5 Rxc5 39. Rxc5 Rxc5 40. a4 Ra5 41. Rd4 Rc5 42. Kf2 Rc2+ 43. Ke3 Rxh2 44. Rb4 Ra2 45. Kd4 Kf7 46. Ke5 Ke7 47. Kd4 Re2 48. Rb8 Re4+ 49. Kc5 Rxa4 50. Rh8 h6 51. Rg8 Kf7 52. Rd8 Kg6 53. Kd6 Ra3 54. Ke5 Rxg3 55. Rb8 h5 56. Rb2 h4 57. Rh2 h3 58. Kd6 Bg2 59. Ke7 Rf3 60. Kxe6 Rxf4 61. Ke5 Rf1 62. Kd4 Rh1 63. Rxh1 Bxh1 64. Ke3 Be4 65. Kf2 h2 66. Kg3 h1=Q 67. Kf2 Qf3+ 68. Ke1 Qg2 69. Kd1 Bd3 70. Kc1 Qc2# 0-1

[Event "Quebec-ch qual. 1"]
[Site "Montreal CAN"]
[Date "2008.04.26"]
[Round "2"]
[White "Mathews, Theo"]
[Black "Le Duin, Thierry"]
[Result "0-1"]
[WhiteElo "1702"]
[BlackElo "1975"]
[PlyCount "105"]
[GameId "2160767910351004"]
[EventDate "2008.04.25"]
[EventType "swiss"]
[EventRounds "5"]
[EventCountry "CAN"]

1. e4 d5 2. exd5 Nf6 3. Nc3 Nxd5 4. Bc4 Nb6 5. Be2 Bf5 6. Nf3 e6 7. O-O Be7 8. d4 O-O 9. Be3 Bf6 10. Qd2 Nc6 11. a3 Qe7 12. Rad1 Rfd8 13. Qc1 Rd7 14. h3 a6 15. g4 Rad8 16. gxf5 exf5 17. Bg5 Bxg5 18. Qxg5 Qxg5+ 19. Nxg5 Nxd4 20. Kh1 Nxc2 21. Rxd7 Rxd7 22. Nf3 Nd4 23. Nxd4 Rxd4 24. Rd1 Rxd1+ 25. Nxd1 g6 26. Nc3 Kf8 27. b4 Ke7 28. a4 Kd6 29. a5 Nd7 30. f4 c6 31. Bc4 f6 32. Kg2 Nf8 33. Na4 Ne6 34. Bxe6 Kxe6 35. Nc5+ Kd5 36. Nxb7 Kc4 37. Nc5 Kxb4 38. Nxa6+ Kxa5 39. Nc5 Kb4 40. Nd3+ Kc4 41. Ne1 Kc3 42. Kf2 Kd2 43. Nf3+ Kd3 44. Ne1+ Ke4 45. Kg3 c5 46. h4 c4 47. Nc2 c3 48. Nb4 Ke3 49. Nd5+ Kd2 50. Nb4 c2 51. Na2 c1=Q 52. Nxc1 Kxc1 53. Kf3 0-1

[Event "Quebec-ch qual. 1"]
[Site "Montreal CAN"]
[Date "2008.04.26"]
[Round "2"]
[White "Piche, Justin"]
[Black "Torkan, Behnam"]
[Result "1/2-1/2"]
[WhiteElo "1517"]
[BlackElo "1904"]
[PlyCount "49"]
[GameId "2160767910351005"]
[EventDate "2008.04.25"]
[EventType "swiss"]
[EventRounds "5"]
[EventCountry "CAN"]
[SourceTitle "EXT 2011"]
[Source "ChessBase"]
[SourceDate "2011.11.26"]
[SourceVersion "1"]
[SourceVersionDate "2011.11.26"]
[SourceQuality "1"]

1. e4 d6 2. d4 Nf6 3. Bd3 g6 4. Nf3 Bg7 5. c3 O-O 6. Be3 Ng4 7. Bf4 e5 8. dxe5 Nxe5 9. Nxe5 dxe5 10. Be3 Be6 11. O-O Nd7 12. Qe2 f5 13. exf5 gxf5 14. Bc4 Qf6 15. g4 f4 16. Bxf4 Rae8 17. Bg3 Kh8 18. Nd2 Qg6 19. Bxe6 Rxe6 20. Qe4 Qg5 21. Nf3 Qf6 22. Nh4 Qg5 23. Nf3 Qf6 24. Nh4 Qg5 25. Nf3 1/2-1/2

[Event "Quebec-ch qual. 1"]
[Site "Montreal CAN"]
[Date "2008.04.26"]
[Round "3"]
[White "Gauthier, Denis"]
[Black "Papineau (Montreal), Daniel"]
[Result "1-0"]
[WhiteElo "1927"]
[BlackElo "1833"]
[PlyCount "72"]
[GameId "2160767910351006"]
[EventDate "2008.04.25"]
[EventType "swiss"]
[EventRounds "5"]
[EventCountry "CAN"]

1. d4 Nf6 2. c4 e6 3. Nf3 Bb4+ 4. Nbd2 b6 5. a3 Bxd2+ 6. Bxd2 Bb7 7. Bg5 d6 8. e3 Nbd7 9. Bd3 h6 10. Bh4 Qe7 11. O-O O-O 12. Re1 c5 13. e4 g5 14. Bg3 g4 15. Nh4 cxd4 16. e5 dxe5 17. Bxe5 Nxe5 18. Rxe5 Qd6 19. Qe2 Rfc8 20. Re1 Rc5 21. f4 gxf3 22. Nxf3 Ng4 23. Re4 Nf6 24. Rh4 Rh5 25. Rxh5 Nxh5 26. Ne5 Nf6 27. Qf2 Qe7 28. Rf1 Kg7 29. Qg3+ Kh8 30. Qf4 Kg7 31. Qg3+ Kh8 32. Qh4 Kg7 33. Rf4 Re8 34. Qg3+ Kh8 35. Rh4 Ng8 36. Qf4 Kg7 1-0

[Event "Quebec-ch qual. 1"]
[Site "Montreal CAN"]
[Date "2008.04.26"]
[Round "3"]
[White "Jiang, Louie"]
[Black "Lepine, Yannick"]
[Result "1-0"]
[WhiteElo "2133"]
[BlackElo "1273"]
[PlyCount "77"]
[GameId "2160767910351007"]
[EventDate "2008.04.25"]
[EventType "swiss"]
[EventRounds "5"]
[EventCountry "CAN"]
[SourceTitle "FQE 01"]

1. e4 c6 2. d4 d5 3. Nc3 dxe4 4. Nxe4 Bf5 5. Ng3 Bg6 6. h4 h6 7. Nf3 e6 8. Ne5 Ne7 9. h5 Bf5 10. c3 Nd7 11. Nc4 Nb6 12. Nxf5 Nxf5 13. g4 Nxc4 14. Bxc4 Nd6 15. Bb3 Be7 16. Bf4 Bg5 17. Bg3 O-O 18. f4 Be7 19. Bc2 f6 20. Qe2 Re8 21. Bg6 Nf7 22. Qxe6 Rf8 23. O-O-O Qc7 24. Bc2 Rfe8 25. Rde1 Bd6 26. Qxe8+ Rxe8 27. Rxe8+ Bf8 28. Rhe1 Qd7 29. f5 g6 30. hxg6 Nd6 31. Bb3+ Kg7 32. Bxd6 Qxd6 33. Bf7 Qf4+ 34. Kb1 Qxg4 35. Rxf8 Qxf5+ 36. Ka1 h5 37. Rg8+ Kh6 38. Rh8+ Kg7 39. Rh7+ 1-0

[Event "Quebec-ch qual. 1"]
[Site "Montreal CAN"]
[Date "2008.04.26"]
[Round "3"]
[White "Le Duin, Thierry"]
[Black "Jiang, Louie"]
[Result "1/2-1/2"]
[WhiteElo "1975"]
[BlackElo "2133"]
[PlyCount "104"]
[GameId "2160767910351008"]
[EventDate "2008.04.25"]
[EventType "swiss"]
[EventRounds "5"]
[EventCountry "CAN"]
[SourceTitle "EXT 2011"]
[Source "ChessBase"]
[SourceDate "2011.11.26"]
[SourceVersion "1"]
[SourceVersionDate "2011.11.26"]
[SourceQuality "1"]

1. d4 d5 2. Nf3 Nf6 3. c3 Bf5 4. Bg5 Nbd7 5. e3 h6 6. Bh4 e6 7. Bd3 Be7 8. O-O c6 9. Qc2 Ne4 10. Bxe7 Qxe7 11. Nbd2 Nxd2 12. Nxd2 Bxd3 13. Qxd3 O-O 14. e4 dxe4 15. Nxe4 Rad8 16. Qe3 e5 17. Nd2 Qf6 18. Nf3 exd4 19. Qxd4 Qxd4 20. Nxd4 Ne5 21. Rfe1 Nd3 22. Re2 c5 23. Nb3 Rfe8 24. Rd2 c4 25. Nd4 Rd6 26. b3 Rc8 27. Nf5 Rd7 28. b4 Rcd8 29. Rad1 b5 30. Kf1 Kf8 31. a4 g6 32. Ne3 a6 33. axb5 axb5 34. Ra2 Nf4 35. Rxd7 Rxd7 36. Ra5 Rd3 37. g3 Nd5 38. Nxd5 Rxd5 39. Ke2 Kg7 40. h4 Kf6 41. Ra6+ Kf5 42. Ra7 f6 43. Rb7 h5 44. Rc7 g5 45. hxg5 fxg5 46. Kf1 h4 47. Kg2 Ke4 48. Rc5 hxg3 49. Rxd5 Kxd5 50. f3 Ke5 51. Kxg3 Kf5 52. Kg2 g4 1/2-1/2

[Event "Quebec-ch qual. 1"]
[Site "Montreal CAN"]
[Date "2008.04.26"]
[Round "3"]
[White "Morin, Louis"]
[Black "Dardoura, Khaled"]
[Result "1-0"]
[WhiteElo "1905"]
[BlackElo "1463"]
[PlyCount "45"]
[GameId "2160767910351009"]
[EventDate "2008.04.25"]
[EventType "swiss"]
[EventRounds "5"]
[EventCountry "CAN"]

1. e4 e6 2. d4 d5 3. e5 c5 4. Qg4 cxd4 5. Nf3 Nc6 6. Bd3 Nb4 7. O-O Nxd3 8. cxd3 g6 9. Bg5 Be7 10. Bxe7 Nxe7 11. Nbd2 O-O 12. Rfe1 Bd7 13. Nxd4 Qb6 14. N2f3 Bb5 15. Qg5 Nf5 16. Nxf5 exf5 17. Qh6 f6 18. exf6 Qxf6 19. Ng5 Qh8 20. Re7 Bc6 21. Rxh7 Qf6 22. Rxb7 Qh8 23. Qxg6+ 1-0